[Event "Oberliga Ost-B 2122"]
[Site "Germany"]
[Date "2022.07.02"]
[Round "6.8"]
[White "Hoeck, Raimund"]
[Black "Nies, Peter"]
[Result "0-1"]
[WhiteElo "2017"]
[BlackElo "2034"]
[PlyCount "58"]
[EventDate "2021.10.10"]
[EventType "team-tourn"]
[EventRounds "11"]
[EventCountry "GER"]
[SourceTitle "EXT 2023"]
[Source "ChessBase"]
[SourceDate "2022.10.05"]
[SourceVersion "1"]
[SourceVersionDate "2022.10.05"]
[SourceQuality "1"]
[WhiteTeam "Griesheim"]
[BlackTeam "Gernsheim"]
[WhiteTeamCountry "GER"]
[BlackTeamCountry "GER"]

1. d4 Nf6 2. c4 e6 3. Nf3 c5 4. e3 cxd4 5. exd4 d5 6. Bd3 dxc4 7. Bxc4 Be7 8. 0-0 0-0 9. Nc3 a6 10. a4 Nbd7 11. Re1 Nb6 12. Bf1 Nbd5 13. Ne5 Bd7 14. Bd2 Rc8 15. g3 Bc6 16. Nxc6 Rxc6 17. Bg2 Rc4 18. Ne2 Qb6 19. b3 Rc7 20. a5 Qb5 21. Bf1 Qd7 22. Rc1 Ne4 23. Rxc7 Qxc7 24. Nf4 Ndc3 25. Bxc3 Nxc3 26. Qc1 Bf6 27. Qe3 Qxa5 28. Rc1 Nb5 29. d5 Bd4 0-1

[Event "Hessenliga 1921"]
[Site "Hessen"]
[Date "2020.03.08"]
[Round "7.7"]
[White "Kribben, Johannes"]
[Black "Hoeck, Raimund"]
[Result "1-0"]
[WhiteElo "2160"]
[BlackElo "2017"]
[PlyCount "71"]
[EventDate "2019.09.22"]
[EventType "team-tourn"]
[EventRounds "9"]
[EventCountry "GER"]
[SourceTitle "EXT 2024"]
[Source "ChessBase"]
[SourceDate "2023.10.10"]
[SourceVersion "1"]
[SourceVersionDate "2023.10.10"]
[SourceQuality "1"]
[WhiteTeam "Hofheim II"]
[BlackTeam "Griesheim II"]
[WhiteTeamCountry "GER"]
[BlackTeamCountry "GER"]

1. c4 Nf6 2. Nc3 c5 3. Nf3 Nc6 4. e3 e6 5. d4 cxd4 6. exd4 d5 7. cxd5 exd5 8. Be2 Be7 9. 0-0 0-0 10. h3 Be6 11. Bf4 Rc8 12. Ne5 a6 13. Bf3 Qb6 14. Na4 Qa7 15. Be3 Rfd8 16. Rc1 Nd7 17. Nxd7 Rxd7 18. Nc5 Bxc5 19. Rxc5 Ne7 20. Rxc8+ Nxc8 21. Qd3 Ne7 22. Rc1 Qb8 23. Qc3 Nc6 24. b4 Rd8 25. a4 Rc8 26. Qb3 Ne7 27. Rc5 b6 28. Rc3 Rxc3 29. Qxc3 Qc8 30. Qa3 Qc7 31. Be2 Bc8 32. b5 a5 33. Bf4 Qb7 34. Qd6 h6 35. Qd8+ Kh7 36. Bc7 1-0

[Event "Hessenliga 1921"]
[Site "Hessen"]
[Date "2020.02.16"]
[Round "6.6"]
[White "Seifert, Norbert"]
[Black "Hoeck, Raimund"]
[Result "1-0"]
[WhiteElo "1960"]
[BlackElo "2017"]
[PlyCount "59"]
[EventDate "2019.09.22"]
[EventType "team-tourn"]
[EventRounds "9"]
[EventCountry "GER"]
[SourceTitle "EXT 2024"]
[Source "ChessBase"]
[SourceDate "2023.10.10"]
[SourceVersion "1"]
[SourceVersionDate "2023.10.10"]
[SourceQuality "1"]
[WhiteTeam "Neuberg II"]
[BlackTeam "Griesheim II"]
[WhiteTeamCountry "GER"]
[BlackTeamCountry "GER"]

1. d4 d5 2. Nf3 Nf6 3. e3 e6 4. Bd3 Be7 5. Nbd2 0-0 6. 0-0 c5 7. c3 Re8 8. Qe2 Nbd7 9. Ne5 Nf8 10. dxc5 Bxc5 11. e4 Qc7 12. Nef3 dxe4 13. Nxe4 Nxe4 14. Bxe4 e5 15. h3 Bd7 16. Be3 Bxe3 17. Qxe3 f6 18. Rfd1 Bc6 19. Rd2 Bxe4 20. Qxe4 Red8 21. Rad1 Rxd2 22. Rxd2 Rc8 23. Qd5+ Qf7 24. Qa5 a6 25. Ne1 Qc7 26. Qd5+ Qf7 27. Qe4 Qc4 28. Qxb7 Rc5 29. Rd8 Rb5 30. Qxa6 1-0

[Event "Hessenliga 1718"]
[Site "Hessen"]
[Date "2018.01.14"]
[Round "5.8"]
[White "Boehm, Siegfried"]
[Black "Hoeck, Raimund"]
[Result "1/2-1/2"]
[WhiteElo "2159"]
[BlackElo "2017"]
[PlyCount "90"]
[EventDate "2017.09.17"]
[EventType "team-tourn"]
[EventRounds "9"]
[EventCountry "GER"]
[SourceTitle "CBM 189 Extra"]
[Source "ChessBase"]
[SourceDate "2019.06.03"]
[SourceVersion "1"]
[SourceVersionDate "2019.06.03"]
[SourceQuality "1"]
[WhiteTeam "Kassel II"]
[BlackTeam "Griesheim II"]
[WhiteTeamCountry "GER"]
[BlackTeamCountry "GER"]

1. c4 c5 2. g3 g6 3. Bg2 Bg7 4. Nc3 Nc6 5. Nf3 Nf6 6. d4 cxd4 7. Nxd4 Nxd4 8. Qxd4 0-0 9. 0-0 d6 10. Qd3 a6 11. e4 Rb8 12. Rb1 Bd7 13. Rd1 Bc6 14. Qe2 Qc7 15. Bf4 Nd7 16. Nd5 Bxd5 17. exd5 Rfe8 18. Rbc1 a5 19. b3 Nc5 20. h4 Qd7 21. Kh2 b5 22. Bh3 Qb7 23. Be3 b4 24. Bd4 a4 25. Bxg7 Kxg7 26. h5 Ra8 27. Qb2+ f6 28. bxa4 Rxa4 29. Rd4 Rea8 30. h6+ Kh8 31. Rf4 Rxa2 32. Qd4 Nb3 33. Qe3 Nxc1 34. Qxc1 b3 35. Qc3 Rf8 36. c5 b2 37. c6 b1Q 38. cxb7 Qxb7 39. Be6 Qa7 40. Kg2 Ra5 41. g4 Rc5 42. Qd4 Qa3 43. g5 Qc3 44. Qxc3 Rxc3 45. Kh2 f5 1/2-1/2

[Event "Hessenliga 1617"]
[Site "Hessen"]
[Date "2017.03.05"]
[Round "7.5"]
[White "Hoeck, Raimund"]
[Black "Melzer, Oliver"]
[Result "1/2-1/2"]
[WhiteElo "2017"]
[BlackElo "2216"]
[PlyCount "40"]
[EventDate "2016.09.18"]
[EventType "team-tourn"]
[EventRounds "9"]
[EventCountry "GER"]
[SourceTitle "EXT 2018"]
[Source "ChessBase"]
[SourceDate "2017.10.13"]
[SourceVersion "1"]
[SourceVersionDate "2017.10.13"]
[SourceQuality "1"]
[WhiteTeam "Griesheim II"]
[BlackTeam "Offenbach"]
[WhiteTeamCountry "GER"]
[BlackTeamCountry "GER"]

1. d4 d5 2. Nf3 c6 3. c4 Nf6 4. e3 Bg4 5. h3 Bh5 6. g4 Bg6 7. Ne5 e6 8. Nc3 Nbd7 9. Nxg6 hxg6 10. Qe2 dxc4 11. Bg2 Nb6 12. Bd2 Be7 13. 0-0 0-0 14. Rfd1 Nfd5 15. a3 Qc7 16. Ne4 e5 17. Ba5 exd4 18. Rxd4 Qe5 19. Nd2 Nf4 20. Rxf4 Qxa5 1/2-1/2

[Event "Hessenliga 1516"]
[Site "Germany"]
[Date "2016.04.24"]
[Round "9.4"]
[White "Mazurek, Robert"]
[Black "Hoeck, Raimund"]
[Result "1/2-1/2"]
[WhiteElo "2172"]
[BlackElo "2017"]
[PlyCount "119"]
[EventDate "2015.09.27"]
[EventType "team-tourn"]
[EventRounds "9"]
[EventCountry "GER"]
[SourceTitle "EXT 2018"]
[Source "ChessBase"]
[SourceDate "2017.10.13"]
[SourceVersion "1"]
[SourceVersionDate "2017.10.13"]
[SourceQuality "1"]
[WhiteTeam "Gernsheim"]
[BlackTeam "Griesheim II"]
[WhiteTeamCountry "GER"]
[BlackTeamCountry "GER"]

1. d4 d5 2. c4 c6 3. Nc3 Nf6 4. Nf3 e6 5. e3 Nbd7 6. Qc2 Bd6 7. g4 Nxg4 8. Rg1 f5 9. h3 Ngf6 10. Rxg7 Kf8 11. Rg1 Ne4 12. Bd2 Rg8 13. Rxg8+ Kxg8 14. Nxe4 fxe4 15. Ng1 Qf8 16. Bc3 Nf6 17. 0-0-0 Bd7 18. Be2 Be8 19. f3 Bg6 20. f4 a5 21. c5 Bc7 22. Qb3 Qc8 23. Qa4 Nh5 24. Be1 Bd8 25. Kb1 Ng7 26. Rc1 Nf5 27. Rc3 Bc7 28. Rb3 Ra7 29. Ra3 Ra8 30. b4 Be8 31. bxa5 Bb8 32. Qb4 Bc7 33. Qb2 Ra7 34. Bd1 Qd8 35. Qc3 Qf6 36. Qb2 Bd7 37. Bh5 Qg7 38. Qh2 Kf8 39. h4 Qh6 40. Qe2 Bxa5 41. Bg4 Bb6 42. Rxa7 Bxa7 43. Nh3 Qg7 44. Nf2 Bc8 45. Nd1 Bb8 46. Bh3 Bc7 47. Nf2 Bd8 48. h5 Qg1 49. Kc2 Bh4 50. Kd2 Qh2 51. Qf1 Nxe3 52. Kxe3 Qg3+ 53. Kd2 e3+ 54. Kc2 exf2 55. Bd2 Bf6 56. Qd3 Qxd3+ 57. Kxd3 e5 58. Bg2 e4+ 59. Kc3 Bg4 60. Be3 1/2-1/2

[Event "Hessenliga 1415"]
[Site "Hessen"]
[Date "2015.03.01"]
[Round "7.5"]
[White "Hoeck, Raimund"]
[Black "Sroka, Dirk"]
[Result "1/2-1/2"]
[WhiteElo "2017"]
[BlackElo "2090"]
[PlyCount "21"]
[EventDate "2014.09.28"]
[EventType "team-tourn"]
[EventRounds "9"]
[EventCountry "GER"]
[SourceTitle "EXT 2016"]
[Source "ChessBase"]
[SourceDate "2015.10.08"]
[SourceVersion "1"]
[SourceVersionDate "2015.10.08"]
[SourceQuality "1"]
[WhiteTeam "Griesheim II"]
[BlackTeam "Gelnhausen"]
[WhiteTeamCountry "GER"]
[BlackTeamCountry "GER"]

1. d4 d5 2. Nf3 c6 3. e3 Bf5 4. Bd3 Bg6 5. Nbd2 Nf6 6. 0-0 e6 7. Re1 Nbd7 8. e4 dxe4 9. Nxe4 Nxe4 10. Bxe4 Bxe4 11. Rxe4 1/2-1/2

[Event "Hessenliga 1415"]
[Site "Hessen"]
[Date "2014.10.12"]
[Round "2.6"]
[White "Hoeck, Raimund"]
[Black "Rosa, Mike"]
[Result "0-1"]
[WhiteElo "2017"]
[BlackElo "2080"]
[PlyCount "76"]
[EventDate "2014.09.28"]
[EventType "team-tourn"]
[EventRounds "9"]
[EventCountry "GER"]
[SourceTitle "EXT 2016"]
[Source "ChessBase"]
[SourceDate "2015.10.08"]
[SourceVersion "1"]
[SourceVersionDate "2015.10.08"]
[SourceQuality "1"]
[WhiteTeam "Griesheim II"]
[BlackTeam "Nied"]
[WhiteTeamCountry "GER"]
[BlackTeamCountry "GER"]

1. d4 d5 2. Nf3 c6 3. e3 Nf6 4. c4 e6 5. Nc3 Nbd7 6. Qc2 Bd6 7. b3 0-0 8. Be2 a6 9. 0-0 Qc7 10. Bb2 e5 11. c5 Be7 12. Rfd1 e4 13. Nd2 h5 14. Nf1 Ng4 15. h3 Ngf6 16. b4 h4 17. Rdc1 Nh7 18. a4 f5 19. b5 Ndf6 20. Nd2 f4 21. Bf1 fxe3 22. fxe3 Qg3 23. Ncxe4 dxe4 24. Bc4+ Kh8 25. Nf1 Qg6 26. Kh1 Nh5 27. Bc3 Ng3+ 28. Nxg3 hxg3 29. Rf1 axb5 30. axb5 Rxa1 31. Bxa1 Rxf1+ 32. Bxf1 Qf5 33. Kg1 Bg5 34. Qd2 Nf6 35. d5 Nxd5 36. Bd4 Bf6 37. Bc4 Bxd4 38. exd4 e3 0-1

[Event "Hessenliga 1314"]
[Site "Germany"]
[Date "2014.02.02"]
[Round "6.5"]
[White "Duncker, Joachim"]
[Black "Hoeck, Raimund"]
[Result "0-1"]
[WhiteElo "2251"]
[BlackElo "2017"]
[PlyCount "50"]
[EventDate "2013.09.29"]
[EventType "team-tourn"]
[EventRounds "9"]
[EventCountry "GER"]
[SourceTitle "EXT 2015"]
[Source "ChessBase"]
[SourceDate "2014.11.20"]
[SourceVersion "1"]
[SourceVersionDate "2014.11.20"]
[SourceQuality "1"]
[WhiteTeam "Marburg"]
[BlackTeam "Griesheim II"]
[WhiteTeamCountry "GER"]
[BlackTeamCountry "GER"]

1. e4 c5 2. Nc3 e6 3. f4 d5 4. exd5 exd5 5. Bb5+ Nc6 6. Nf3 Nf6 7. 0-0 Be7 8. d3 0-0 9. Bxc6 bxc6 10. Ne5 Bb7 11. Ne2 Nd7 12. Ng3 Bd6 13. Nxd7 Qxd7 14. f5 Qc7 15. Qg4 Kh8 16. Bf4 Bxf4 17. Rxf4 Rae8 18. f6 g6 19. Qh4 Qe5 20. Nf5 gxf5 21. Raf1 Bc8 22. d4 cxd4 23. R4f3 Qe4 24. Rf4 Qe3+ 25. Kh1 Rg8 0-1

[Event "Main Vogelsberg op 8th"]
[Site "Hanau"]
[Date "2013.06.01"]
[Round "5"]
[White "Spahn, Tobias"]
[Black "Hoeck, Raimund"]
[Result "1/2-1/2"]
[WhiteElo "969"]
[BlackElo "1862"]
[PlyCount "83"]
[EventDate "2013.05.30"]
[EventType "swiss"]
[EventRounds "7"]
[EventCountry "GER"]
[SourceTitle "EXT 2014"]
[Source "ChessBase"]
[SourceDate "2013.11.20"]
[SourceVersion "1"]
[SourceVersionDate "2013.11.20"]
[SourceQuality "1"]

1. e4 c5 2. c3 d5 3. e5 e6 4. d4 Ne7 5. Be3 cxd4 6. cxd4 Nf5 7. Bf4 Bb4+ 8. Nc3 Qa5 9. Qd3 Nc6 10. Nf3 Bd7 11. Be2 Rc8 12. 0-0 h5 13. Rfc1 0-0 14. h3 h4 15. Bg5 Be7 16. Bxe7 Ncxe7 17. a3 Qb6 18. b4 a6 19. Rab1 Qa7 20. Rd1 Rc7 21. Rbc1 Rfc8 22. Na2 Bb5 23. Qd2 Bxe2 24. Qxe2 Rxc1 25. Nxc1 Rc4 26. Nb3 Nc6 27. Qb2 Nce7 28. Nc5 b6 29. Nb3 Qc7 30. Rc1 Qc6 31. Qd2 Qa4 32. Qb2 Rxc1+ 33. Nxc1 Qd1+ 34. Kh2 Nc6 35. Nb3 Qd3 36. Kg1 Qc4 37. Nbd2 Qe2 38. Qc3 Qd1+ 39. Kh2 Qa4 40. Kg1 Qd1+ 41. Kh2 Qa4 42. Kg1 1/2-1/2

[Event "Karl Mala Memorial op 14th"]
[Site "Frankfurt"]
[Date "2011.07.10"]
[Round "7"]
[White "Hoeck, Raimund"]
[Black "Krischak, Werner"]
[Result "1-0"]
[WhiteElo "2024"]
[BlackElo "1821"]
[PlyCount "85"]
[EventDate "2011.07.07"]
[EventType "swiss"]
[EventRounds "7"]
[EventCountry "GER"]
[SourceTitle "EXT 2012"]
[Source "ChessBase"]
[SourceDate "2011.11.24"]
[SourceVersion "1"]
[SourceVersionDate "2011.11.24"]
[SourceQuality "1"]

1. d4 d5 2. c4 c6 3. Nc3 Nf6 4. e3 e6 5. Nf3 Nbd7 6. Qc2 Bd6 7. Bd3 0-0 8. 0-0 dxc4 9. Bxc4 b5 10. Be2 Bb7 11. Rd1 a6 12. e4 Bb4 13. e5 Ne8 14. Ng5 g6 15. Nge4 Be7 16. Bh6 Ng7 17. Nc5 Nxc5 18. dxc5 Qc7 19. Ne4 Qxe5 20. Rd7 Rfe8 21. Rxb7 Nf5 22. Rxe7 Rxe7 23. Bg5 Rea7 24. Bf6 Qb8 25. g4 Ne7 26. Qd2 Nd5 27. Qh6 Qf8 28. Qc1 Nxf6 29. Nxf6+ Kh8 30. Bf3 Rc7 31. Qe3 Rd8 32. g5 Qg7 33. Qe5 Rcc8 34. Kg2 Qf8 35. h4 Qg7 36. Rh1 h5 37. gxh6 Qxh6 38. h5 g5 39. Rh3 Kg7 40. Ng4+ f6 41. Qxe6 Re8 42. Qd7+ Kh8 43. Nxh6 1-0

[Event "Karl Mala Memorial op 14th"]
[Site "Frankfurt"]
[Date "2011.07.09"]
[Round "4"]
[White "Fieberg, Christoph"]
[Black "Hoeck, Raimund"]
[Result "1/2-1/2"]
[WhiteElo "1878"]
[BlackElo "2024"]
[PlyCount "57"]
[EventDate "2011.07.07"]
[EventType "swiss"]
[EventRounds "7"]
[EventCountry "GER"]
[SourceTitle "EXT 2012"]
[Source "ChessBase"]
[SourceDate "2011.11.24"]
[SourceVersion "1"]
[SourceVersionDate "2011.11.24"]
[SourceQuality "1"]

1. e4 c5 2. Nf3 d6 3. d4 cxd4 4. Nxd4 Nf6 5. Nc3 a6 6. Be2 e6 7. Be3 Be7 8. 0-0 0-0 9. f4 Qc7 10. Qe1 Nc6 11. Qg3 Nxd4 12. Bxd4 b5 13. a3 Bb7 14. Kh1 Bc6 15. Rae1 Qb7 16. Bd3 Nh5 17. Qh3 g6 18. e5 Rad8 19. Ne4 dxe5 20. Bxe5 f5 21. Ng3 Nxg3+ 22. Qxg3 Bf6 23. Bxf6 Rxf6 24. Re2 Bd5 25. Qe3 Rc8 26. Qd4 Rf7 27. Kg1 Qc6 28. Rfe1 Qc5 29. Qxc5 1/2-1/2

[Event "Karl Mala Memorial op 14th"]
[Site "Frankfurt"]
[Date "2011.07.09"]
[Round "5"]
[White "Hoeck, Raimund"]
[Black "Hebbering, Tom Elliot"]
[Result "1/2-1/2"]
[WhiteElo "2024"]
[BlackElo "1589"]
[PlyCount "45"]
[EventDate "2011.07.07"]
[EventType "swiss"]
[EventRounds "7"]
[EventCountry "GER"]
[SourceTitle "EXT 2012"]
[Source "ChessBase"]
[SourceDate "2011.11.24"]
[SourceVersion "1"]
[SourceVersionDate "2011.11.24"]
[SourceQuality "1"]

1. d4 Nf6 2. Nf3 c5 3. d5 e6 4. c4 exd5 5. cxd5 d6 6. Nc3 g6 7. e4 Bg7 8. Be2 a6 9. a4 Bg4 10. Bf4 0-0 11. 0-0 Qe7 12. h3 Bxf3 13. Bxf3 Nbd7 14. Qc2 Rab8 15. a5 Ne8 16. Rfe1 Nc7 17. Be2 b5 18. axb6 Rxb6 19. Ra5 Rfb8 20. Bc1 Bd4 21. Rf1 Qh4 22. Na4 Rb3 23. Bc4 1/2-1/2

[Event "Karl Mala Memorial op 14th"]
[Site "Frankfurt"]
[Date "2011.07.07"]
[Round "1"]
[White "Jordake, Michael"]
[Black "Hoeck, Raimund"]
[Result "0-1"]
[WhiteElo "1716"]
[BlackElo "2024"]
[PlyCount "148"]
[EventDate "2011.07.07"]
[EventType "swiss"]
[EventRounds "7"]
[EventCountry "GER"]
[SourceTitle "EXT 2012"]
[Source "ChessBase"]
[SourceDate "2011.11.24"]
[SourceVersion "1"]
[SourceVersionDate "2011.11.24"]
[SourceQuality "1"]

1. e4 c5 2. Nc3 Nc6 3. g3 g6 4. Bg2 Bg7 5. d3 d6 6. Be3 e6 7. Qd2 Nd4 8. Nd1 Rb8 9. c3 Nc6 10. Nf3 Nf6 11. 0-0 0-0 12. Bg5 Qc7 13. Re1 d5 14. Bf4 e5 15. Nxe5 Nxe5 16. d4 cxd4 17. cxd4 Nxe4 18. Bxe4 dxe4 19. Qe3 Bf5 20. dxe5 Bxe5 21. Bh6 Rfd8 22. Rc1 Qd7 23. Nc3 Qd4 24. Rcd1 Qxe3 25. Rxd8+ Rxd8 26. Bxe3 b6 27. Bh6 Bg7 28. Bf4 Re8 29. Rd1 Be5 30. Bh6 Bg7 31. Bxg7 Kxg7 32. Nb5 Re7 33. Kg2 h5 34. Nd4 Kf6 35. Nc6 Rc7 36. Rd6+ Kg7 37. b4 Be6 38. a3 Bc4 39. Nd4 Kf8 40. Rd8+ Ke7 41. Ra8 Bd5 42. Rb8 Rc4 43. Ne2 e3+ 44. Kf1 Rc2 45. fxe3 Bc4 46. Rb7+ Kf6 47. Rxa7 Bxe2+ 48. Ke1 Bc4 49. Kd1 Rxh2 50. Rc7 Bb3+ 51. Kc1 Ba4 52. Rc3 Ke5 53. Rc7 f6 54. Re7+ Kf5 55. e4+ Kg4 56. Re6 Rc2+ 57. Kb1 Rc6 58. Re7 g5 59. Rg7 Re6 60. Rg6 Bc6 61. Kb2 Bxe4 62. Rh6 b5 63. Kc3 h4 64. gxh4 gxh4 65. Kd4 Bf5 66. Kd5 Re5+ 67. Kd6 Kg5 68. Rh8 Bg6 69. Rg8 h3 70. Rh8 Bh5 71. Rg8+ Kh4 72. Rf8 Rf5 73. Ke6 Bg4 74. Kd6 h2 0-1

[Event "Rhein Main op-A 14th"]
[Site "Bad Homburg"]
[Date "2011.06.25"]
[Round "6"]
[White "Hoeck, Raimund"]
[Black "Goerg, Joachim"]
[Result "1/2-1/2"]
[WhiteElo "1988"]
[BlackElo "2154"]
[PlyCount "104"]
[EventDate "2011.06.22"]
[EventType "swiss"]
[EventRounds "7"]
[EventCountry "GER"]
[SourceTitle "EXT 2012"]
[Source "ChessBase"]
[SourceDate "2011.11.24"]
[SourceVersion "1"]
[SourceVersionDate "2011.11.24"]
[SourceQuality "1"]

1. d4 Nf6 2. c4 e6 3. Nf3 c5 4. d5 b5 5. Bg5 exd5 6. cxd5 Qa5+ 7. Bd2 Qb6 8. Bc3 Be7 9. Nbd2 Nxd5 10. Bxg7 Rg8 11. Be5 d6 12. Bg3 Bb7 13. e4 Nf6 14. Bd3 c4 15. Bc2 Nbd7 16. a4 a6 17. axb5 axb5 18. Rxa8+ Bxa8 19. 0-0 Nh5 20. Kh1 Nxg3+ 21. fxg3 Bf6 22. Qb1 Qa5 23. b3 Bc3 24. Rd1 Nb6 25. bxc4 bxc4 26. Nxc4 Nxc4 27. Qb8+ Qd8 28. Qb5+ Ke7 29. Qxc4 Qc8 30. Qd3 Qc5 31. Nh4 Be5 32. Nf5+ Kd7 33. Qb3 d5 34. exd5 Rc8 35. Qa4+ Kd8 36. Bb3 Bb7 37. Qh4+ Kc7 38. h3 Kb8 39. Ne7 Qa3 40. Ba4 Bxg3 41. Qg5 f6 42. Qg4 Rc1 43. Nc6+ Bxc6 44. dxc6 Rxd1+ 45. Qxd1 Bd6 46. Qb3+ Qxb3 47. Bxb3 h5 48. g4 hxg4 49. hxg4 Kc7 50. Bd5 Bf4 51. Kg2 Kd6 52. Bf3 Ke6 1/2-1/2

[Event "Main Vogelsberg op 6th"]
[Site "Hanau"]
[Date "2011.06.04"]
[Round "4"]
[White "Hoeck, Raimund"]
[Black "Wesoly, Helge"]
[Result "1/2-1/2"]
[WhiteElo "1857"]
[BlackElo "1716"]
[PlyCount "38"]
[EventDate "2011.06.02"]
[EventType "swiss"]
[EventRounds "7"]
[EventCountry "GER"]
[SourceTitle "CBM 142 Extra"]
[Source "ChessBase"]
[SourceDate "2011.06.27"]
[SourceVersion "1"]
[SourceVersionDate "2011.06.27"]
[SourceQuality "1"]

1. d4 d5 2. c4 dxc4 3. Nf3 e6 4. e3 Nf6 5. Bxc4 a6 6. a4 c5 7. 0-0 Nc6 8. Nc3 cxd4 9. exd4 Be7 10. Bg5 0-0 11. Qd2 Nb4 12. Ne5 Nbd5 13. Nxd5 exd5 14. Bd3 h6 15. Bf4 Ng4 16. Nxg4 Bxg4 17. Bxh6 gxh6 18. Qxh6 f5 19. Qg6+ Kh8 1/2-1/2

[Event "Griesheim op"]
[Site "Griesheim"]
[Date "2011.05.??"]
[Round "3"]
[White "Busch, Lorenz"]
[Black "Hoeck, Raimund"]
[Result "1/2-1/2"]
[WhiteElo "2092"]
[BlackElo "2024"]
[PlyCount "66"]
[EventDate "2011.05.??"]
[EventType "swiss"]
[EventRounds "5"]
[EventCountry "GER"]
[SourceTitle "CBM 142 Extra"]
[Source "ChessBase"]
[SourceDate "2011.06.27"]
[SourceVersion "1"]
[SourceVersionDate "2011.06.27"]
[SourceQuality "1"]

1. e4 c5 2. c3 d5 3. exd5 Qxd5 4. d4 Nf6 5. Nf3 Bg4 6. Be2 e6 7. Be3 cxd4 8. cxd4 Nc6 9. 0-0 Be7 10. Nc3 Qd6 11. Nb5 Qd8 12. Ne5 Bxe2 13. Qxe2 a6 14. Nxc6 bxc6 15. Nc3 0-0 16. Rfc1 Qb8 17. Rc2 Rc8 18. Rac1 Qb7 19. a3 a5 20. Nb1 Nd5 21. Nd2 Nb6 22. Qf3 Nd5 23. Nc4 c5 24. dxc5 Bxc5 25. Ne5 Bxe3 26. Rxc8+ Rxc8 27. Rxc8+ Qxc8 28. Qxf7+ Kh8 29. fxe3 Qc1+ 30. Qf1 Qxe3+ 31. Qf2 Qc1+ 32. Qf1 Qe3+ 33. Qf2 Qc1+ 1/2-1/2

[Event "Karl Mala Memorial op 13th"]
[Site "Frankfurt"]
[Date "2010.07.17"]
[Round "3"]
[White "Graf, Clara Victoria"]
[Black "Hoeck, Raimund"]
[Result "1/2-1/2"]
[WhiteElo "1736"]
[BlackElo "2049"]
[PlyCount "47"]
[EventDate "2010.07.08"]
[EventType "swiss"]
[EventRounds "7"]
[EventCountry "GER"]
[SourceTitle "EXT 2012"]
[Source "ChessBase"]
[SourceDate "2011.11.24"]
[SourceVersion "1"]
[SourceVersionDate "2011.11.24"]
[SourceQuality "1"]

1. e4 c5 2. Nc3 Nc6 3. g3 g6 4. Bg2 Bg7 5. d3 d6 6. Be3 e6 7. Qd2 Nd4 8. Nce2 Ne7 9. c3 Nxe2 10. Nxe2 0-0 11. Bh6 d5 12. h4 dxe4 13. Bxe4 Nd5 14. h5 Nf6 15. Bxg7 Kxg7 16. hxg6 fxg6 17. Qh6+ Kf7 18. 0-0-0 Rg8 19. g4 Rg7 20. Ng3 Nxg4 21. Qf4+ Nf6 22. d4 cxd4 23. Rxd4 Qa5 24. Rd6 1/2-1/2

[Event "Karl Mala Memorial op 13th"]
[Site "Frankfurt"]
[Date "2010.07.11"]
[Round "6"]
[White "Hoeck, Raimund"]
[Black "Hipler, Andreas"]
[Result "1/2-1/2"]
[WhiteElo "2049"]
[BlackElo "1897"]
[PlyCount "40"]
[EventDate "2010.07.08"]
[EventType "swiss"]
[EventRounds "7"]
[EventCountry "GER"]
[SourceTitle "EXT 2012"]
[Source "ChessBase"]
[SourceDate "2011.11.24"]
[SourceVersion "1"]
[SourceVersionDate "2011.11.24"]
[SourceQuality "1"]

1. d4 Nf6 2. c4 e6 3. Nf3 b6 4. g3 Bb7 5. Bg2 Bb4+ 6. Bd2 Bxd2+ 7. Qxd2 d6 8. Nc3 0-0 9. 0-0 Nbd7 10. Rfe1 Ne4 11. Qc2 Nxc3 12. Qxc3 f5 13. b4 Qf6 14. Rac1 c5 15. Red1 Rfd8 16. dxc5 dxc5 17. Qxf6 Nxf6 18. b5 Bxf3 19. Bxf3 Rxd1+ 20. Rxd1 Rc8 1/2-1/2

[Event "Karl Mala Memorial op 13th"]
[Site "Frankfurt"]
[Date "2010.07.10"]
[Round "5"]
[White "Heymann, Marianne"]
[Black "Hoeck, Raimund"]
[Result "0-1"]
[WhiteElo "1784"]
[BlackElo "2049"]
[PlyCount "46"]
[EventDate "2010.07.08"]
[EventType "swiss"]
[EventRounds "7"]
[EventCountry "GER"]
[SourceTitle "EXT 2012"]
[Source "ChessBase"]
[SourceDate "2011.11.24"]
[SourceVersion "1"]
[SourceVersionDate "2011.11.24"]
[SourceQuality "1"]

1. f4 d5 2. Nf3 Nf6 3. b3 g6 4. Bb2 Bg7 5. e3 0-0 6. Be2 c5 7. 0-0 Nc6 8. Ne5 Nxe5 9. fxe5 Ne8 10. d4 f6 11. Nd2 Be6 12. Nf3 Bh6 13. Bc1 Qc7 14. c3 fxe5 15. dxc5 Qxc5 16. Qd2 Qd6 17. Kh1 Nf6 18. Ne1 Ne4 19. Qb2 Rxf1+ 20. Bxf1 Rc8 21. Bd3 Qc5 22. Bxe4 dxe4 23. c4 Rf8 0-1